banner-ar

شقة الاستاذ حسن (شرائط فيديو) / (Record no. 28926)

MARC details
000 -الفاتح
حقل البيانات ثابتة الطول 00654nam a2200193Ia 4500
008 - عناصر البيانات ثابتة الطول - معلومات عامة
حقل البيانات ثابتة الطول 140319s9999 xx 000 0 ara d
040 ## - مصدر الفهرسة
وكالة الفهرسة الأصلية GCL /
وكالة النسخ GCL
082 04 - رقم تصنيف ديوى العشرى
رقم التصنيف ش ف
رقم المادة 791.43
-- ح ش
100 1# - المدخل الرئيسى - إسم شخصى
الإسم الشخصى حسن الوكيل
245 10 - بيان العنوان
العنوان شقة الاستاذ حسن (شرائط فيديو) /
بيان المسئوليه,etc حسن الوكيل
300 ## - الوصف المادى
التعداد 1 شريط:
تفاصيل ماديه اخرى للوعاء لو ؛
أبعاد الوعاء 1\2 بوصة
650 04 - المدخل الاضافى بالموضوع-مصطلح موضوعى
مصطلح موضوعي الافلام السينمائية
650 04 - المدخل الاضافى بالموضوع-مصطلح موضوعى
مصطلح موضوعي الافلام العربية
650 04 - المدخل الاضافى بالموضوع-مصطلح موضوعى
مصطلح موضوعي الافلام الاجتماعية
650 04 - المدخل الاضافى بالموضوع-مصطلح موضوعى
مصطلح موضوعي الفيديو، أشرطة
942 ## - عناصر المدخل الإضافي( كوها)
مصدر التصنيف او مخطط الترفيف Dewey Decimal Classification
Koha [default] item type المواد السمعية والبصرية
260 ## - PUBLICATION, DISTRIBUTION, ETC. (IMPRINT)
-- القاهرة :
-- الدقى فيديو فيلم
Holdings
حالة التراجع حالة الفقد حالة تلف ليس للاعارة المكان المؤقت الموقع الحالى تاريخ الاكتساب اجمالي اﻻعارات رقم الطلب الباركود تاريخ اخر مشاهدة تاريخ تفعيل السعر نوع وعاء كوها
        مكتبة القاهرة الكبرى مكتبة القاهرة الكبرى 03/26/2014   ش ف\791.43\ ح ش 66024 03/26/2014 03/26/2014 المواد السمعية والبصرية
        مكتبة القاهرة الكبرى مكتبة القاهرة الكبرى 03/26/2014   ش ف\791.43\ ح ش 66025 03/26/2014 03/26/2014 المواد السمعية والبصرية
        مكتبة القاهرة الكبرى مكتبة القاهرة الكبرى 03/26/2014   ش ف\791.43\ ح ش 66026 03/26/2014 03/26/2014 المواد السمعية والبصرية
        مكتبة القاهرة الكبرى مكتبة القاهرة الكبرى 03/26/2014   ش ف\791.43\ ح ش 66027 03/26/2014 03/26/2014 المواد السمعية والبصرية

Powered By

EGPV